[Event "13th EICC"]
[Site "Plovdiv BUL"]
[Date "2012.03.27"]
[Round "7.4"]
[White "Khismatullin, Denis"]
[Black "Vachier-Lagrave, Maxime"]
[Result "1/2-1/2"]
[WhiteTitle "GM"]
[BlackTitle "GM"]
[WhiteElo "2656"]
[BlackElo "2682"]
[WhiteFideId "4142578"]
[BlackFideId "623539"]
[EventDate "2012.03.20"]
[EventType "swiss"]

1. Nf3 Nf6 2. c4 g6 3. Nc3 d5 4. cxd5 Nxd5 5. g3 Bg7 6. Bg2 O-O 7. O-O Nc6 8. d4
Bf5 9. Re1 Qd7 10. e4 Nxc3 11. bxc3 Bg4 12. Qb3 b6 13. Qd5 Rad8 14. h3 Be6 15.
Qxd7 Bxd7 16. Ba3 Rfe8 17. Bf1 e5 18. Rad1 exd4 19. cxd4 Na5 20. Rc1 c5 21. dxc5
Bc6 22. cxb6 axb6 23. Bb4 Ba8 24. Bb5 Rxe4 25. Rxe4 Bxe4 26. Be7 Ra8 27. Nd2 Bd5
28. a4 Nb3 29. Nxb3 Bxb3 30. Rb1 Bxa4 31. Bxa4 Rxa4 32. Bd8 Ra1 33. Rxa1 Bxa1
34. Bxb6 f5 35. Kg2 Kf7 36. Kf3 Ke6 37. Ke2 Be5 38. Be3 Kd5 39. Kd3 Bd6 40. Bd4
Bc7 1/2-1/2

[Event "13th EICC"]
[Site "Plovdiv BUL"]
[Date "2012.03.27"]
[Round "7.5"]
[White "Kuzubov, Yuriy"]
[Black "Korobov, Anton"]
[Result "1/2-1/2"]
[WhiteTitle "GM"]
[BlackTitle "GM"]
[WhiteElo "2615"]
[BlackElo "2679"]
[WhiteFideId "14112906"]
[BlackFideId "14105730"]
[EventDate "2012.03.20"]
[EventType "swiss"]

1. e4 c5 2. Nf3 d6 3. d4 cxd4 4. Nxd4 Nf6 5. Nc3 a6 6. h3 Nc6 7. g4 Nxd4 8. Qxd4
e5 9. Qd3 Be6 10. g5 Nd7 11. f4 exf4 12. Bxf4 Be7 13. O-O-O Bxg5 14. Qxd6 Bxf4+
15. Qxf4 O-O 16. Rg1 Rc8 17. Nd5 Kh8 18. Be2 f6 19. Qg3 g6 20. Nf4 Qe8 21. Nxe6
Qxe6 22. Bg4 Qxe4 23. c3 f5 24. Rge1 Qa4 25. Re7 fxg4 26. Rexd7 Qf4+ 27. Qxf4
Rxf4 28. hxg4 Rxg4 29. Rxb7 Rh4 30. Rg1 Rg8 31. b4 g5 32. a4 g4 33. b5 g3 34.
bxa6 Rxa4 35. a7 h5 36. Rb5 Rxa7 37. Rxh5+ Rh7 38. Rxh7+ Kxh7 39. Kd2 Kh6 40.
Ke3 Kh5 41. Kf3 1/2-1/2

[Event "13th EICC"]
[Site "Plovdiv BUL"]
[Date "2012.03.27"]
[Round "7.15"]
[White "Andreikin, Dmitry"]
[Black "Stocek, Jiri"]
[Result "1/2-1/2"]
[WhiteTitle "GM"]
[BlackTitle "GM"]
[WhiteElo "2689"]
[BlackElo "2606"]
[WhiteFideId "4158814"]
[BlackFideId "304760"]
[EventDate "2012.03.20"]
[EventType "swiss"]

1. Nf3 Nf6 2. c4 e6 3. g3 a6 4. Nc3 d5 5. cxd5 exd5 6. Bg2 Be7 7. O-O O-O 8. d4
Nbd7 9. Nh4 Nb6 10. Qc2 Re8 11. Nf3 Bd6 12. Bf4 Bxf4 13. gxf4 c6 14. e3 Nc4 15.
Ne2 Nd6 16. Ng3 Ng4 17. Ng5 g6 18. Rae1 Nf6 19. Nf3 Nf5 20. Ne5 Be6 21. Nxf5
Bxf5 22. Qb3 Re7 23. Kh1 Qf8 24. Rg1 Rae8 25. Qd1 Qh6 26. Bf3 Qh4 27. Rg2 Ne4
28. Kg1 Nd6 29. Bg4 Re6 30. Bxf5 Nxf5 31. Kh1 f6 32. Nf3 Qh5 33. Reg1 R6e7 34.
Rg4 Rg7 35. Qf1 Nd6 36. Qg2 Ne4 37. Rf1 Qf5 38. Nh4 Qd7 39. Nf3 Ree7 40. h3 h5
41. Rxg6 Rxg6 42. Qxg6+ Rg7 43. Qxh5 Rh7 44. Qg6+ Kf8 45. Ng1 Rxh3+ 46. Nxh3
Qxh3+ 47. Kg1 Nd2 48. Qxf6+ Ke8 49. Qg6+ Kd7 50. Qf7+ Kc8 51. Qe8+ Kc7 52. Qe7+
Kb8 53. Qf8+ Ka7 54. Qc5+ Ka8 1/2-1/2

[Event "13th EICC"]
[Site "Plovdiv BUL"]
[Date "2012.03.27"]
[Round "7.24"]
[White "Georgiev, Kiril"]
[Black "Banusz, Tamas"]
[Result "1/2-1/2"]
[WhiteTitle "GM"]
[BlackTitle "GM"]
[WhiteElo "2671"]
[BlackElo "2583"]
[WhiteFideId "2900017"]
[BlackFideId "722413"]
[EventDate "2012.03.20"]
[EventType "swiss"]

1. d4 d5 2. Nf3 Nf6 3. c4 c6 4. Nc3 dxc4 5. a4 e6 6. e4 Bb4 7. Bg5 Bxc3+ 8. bxc3
Qa5 9. e5 Ne4 10. Bd2 c5 11. Bxc4 Nxd2 12. Qxd2 cxd4 13. cxd4 Nc6 14. d5 exd5
15. Bxd5 Qxd2+ 16. Kxd2 Bd7 17. Ke3 Ke7 18. Rhb1 Rab8 19. a5 Rhc8 20. Ra3 h6 21.
h3 f6 22. exf6+ Kxf6 23. Nd2 Bf5 24. Rb5 Re8+ 25. Ne4+ Bxe4 26. Bxe4 Re5 27.
Rxe5 Nxe5 28. Rc3 Nf7 29. f4 Nd6 30. Bd5 g5 31. Kf3 Re8 32. a6 Nb5 33. Rc4 bxa6
34. Rc6+ Kg7 35. Rxa6 Rf8 36. g3 gxf4 37. gxf4 Rf6 38. Ra1 a6 39. Bc4 Rc6 40.
Bd3 Nd4+ 41. Kg4 Rd6 42. Ra3 Rf6 43. Ra5 Rd6 44. Bxa6 Rg6+ 45. Kh4 Ne6 46. f5
Rg5 47. Be2 Nd4 48. Bg4 Kf6 49. Ra6+ Kg7 50. f6+ Kg6 51. f7+ Kxf7 52. Rxh6 Nf5+
53. Kxg5 Nxh6 54. Kxh6 Kg8 1/2-1/2

[Event "13th EICC"]
[Site "Plovdiv BUL"]
[Date "2012.03.27"]
[Round "7.25"]
[White "Swiercz, Dariusz"]
[Black "Lysyj, Igor"]
[Result "1/2-1/2"]
[WhiteTitle "GM"]
[BlackTitle "GM"]
[WhiteElo "2565"]
[BlackElo "2656"]
[WhiteFideId "1126881"]
[BlackFideId "4150120"]
[EventDate "2012.03.20"]
[EventType "swiss"]

1. e4 e5 2. Nf3 Nc6 3. Bc4 Bc5 4. c3 Nf6 5. d3 O-O 6. O-O d5 7. exd5 Nxd5 8. h3
Nb6 9. Bb5 Bd6 10. Nbd2 Ne7 11. d4 exd4 12. Nxd4 Nf5 13. Ne4 Be7 14. Nf3 Qxd1
15. Rxd1 Nd6 16. Bd3 Nxe4 17. Bxe4 c6 18. Re1 Bf6 19. Ng5 g6 20. Bc2 Bf5 21.
Bxf5 gxf5 22. Nf3 Rfe8 23. Kf1 Kg7 24. Rb1 a5 25. Bd2 Nc4 26. Rxe8 Rxe8 27. Be1
a4 28. b3 axb3 29. axb3 Nd6 30. Rd1 Ne4 31. c4 Ra8 32. b4 c5 33. bxc5 Ra4 34.
Nd4 Kg6 35. c6 bxc6 36. Nxc6 Rxc4 37. Nb4 Nc5 38. Nd3 Nxd3 39. Rxd3 h5 40. Bd2
Re4 41. Rg3+ Kh7 1/2-1/2

[Event "13th EICC"]
[Site "Plovdiv BUL"]
[Date "2012.03.27"]
[Round "7.26"]
[White "Sokolov, Ivan"]
[Black "Nevednichy, Vladislav"]
[Result "1-0"]
[WhiteTitle "GM"]
[BlackTitle "GM"]
[WhiteElo "2653"]
[BlackElo "2562"]
[WhiteFideId "14400030"]
[BlackFideId "1205730"]
[EventDate "2012.03.20"]
[EventType "swiss"]

1. d4 Nf6 2. c4 g6 3. Nc3 Bg7 4. Nf3 d6 5. Bf4 O-O 6. e3 b6 7. Be2 Bb7 8. Qc2 a6
9. O-O c5 10. Rad1 Nbd7 11. d5 Ne8 12. e4 Nc7 13. a4 Re8 14. Bg3 Qb8 15. h4 b5
16. axb5 axb5 17. cxb5 Qa7 18. h5 Qa5 19. Rfe1 Qb4 20. hxg6 hxg6 21. Bf1 Nb6 22.
e5 Ncxd5 23. Ne4 dxe5 24. Nxe5 c4 25. Ng5 Rf8 26. Nexf7 Rxf7 27. Qxg6 Rf6 28.
Qh7+ Kf8 29. Be5 Bc8 30. Bxf6 exf6 31. Qg6 1-0

[Event "13th EICC"]
[Site "Plovdiv BUL"]
[Date "2012.03.27"]
[Round "7.27"]
[White "Grigoriants, Sergey"]
[Black "Rodshtein, Maxim"]
[Result "1/2-1/2"]
[WhiteTitle "GM"]
[BlackTitle "GM"]
[WhiteElo "2561"]
[BlackElo "2652"]
[WhiteFideId "4130804"]
[BlackFideId "2806851"]
[EventDate "2012.03.20"]
[EventType "swiss"]

1. c4 g6 2. Nc3 c5 3. g3 Bg7 4. Bg2 Nc6 5. d3 e6 6. Nh3 Nge7 7. Nf4 a6 8. h4 h6
9. Qd2 O-O 10. b3 d6 11. Bb2 Rb8 12. Nd1 b5 13. Bxg7 Kxg7 14. Nc3 b4 15. Nd1 Bb7
16. Qb2+ e5 17. Ne3 a5 18. Nfd5 Nxd5 19. Bxd5 Qd7 20. h5 g5 21. g4 Nd4 22. Be4
a4 23. f3 Ra8 24. Kf2 Ra6 25. Nf5+ Nxf5 26. Bxf5 Qc7 27. Qd2 Rfa8 28. Rab1 d5
29. cxd5 Bxd5 30. Qe3 axb3 31. axb3 Ra2 32. Be4 Bxe4 33. Qxe4 Rd8 34. Ra1 Rd2
35. Rad1 Rxd1 36. Rxd1 Rd4 37. Qe3 f5 38. gxf5 Kf6 39. Rc1 Qd6 40. Kg2 Kxf5 41.
Qf2 Kf6 42. Ra1 Qe6 43. Qg3 Rh4 44. Ra5 Qb6 1/2-1/2

[Event "13th EICC"]
[Site "Plovdiv BUL"]
[Date "2012.03.27"]
[Round "7.31"]
[White "Petrosian, Tigran L."]
[Black "Gabrielian, Artur"]
[Result "0-1"]
[WhiteTitle "GM"]
[BlackTitle "GM"]
[WhiteElo "2643"]
[BlackElo "2554"]
[WhiteFideId "13301616"]
[BlackFideId "4131002"]
[EventDate "2012.03.20"]
[EventType "swiss"]

1. Nf3 Nf6 2. c4 e6 3. Nc3 d5 4. d4 Be7 5. Bg5 O-O 6. e3 h6 7. Bh4 b6 8. Bxf6
Bxf6 9. cxd5 exd5 10. Be2 Be6 11. b4 c5 12. bxc5 bxc5 13. Rc1 Nc6 14. dxc5 d4
15. exd4 Nxd4 16. O-O Nxe2+ 17. Qxe2 Qa5 18. Ne4 Be7 19. Nd4 Qxa2 20. Qxa2 Bxa2
21. Nc6 Rfe8 22. Nd6 Bxd6 23. cxd6 Be6 24. Rfd1 Bd7 25. Ne7+ Kf8 26. Rc7 Red8
27. h3 a5 28. Nd5 Ra6 29. Nc3 f5 30. Ra1 a4 31. Ra2 Be8 32. Rc5 g6 33. Nb5 Rb6
34. Nc7 Bd7 35. Rd2 Rdb8 36. Ra5 Rb1+ 37. Kh2 R1b2 38. Rxb2 Rxb2 39. Ra8+ Kf7
40. Rh8 Kf6 41. Na6 Ke5 42. Nb8 Kxd6 43. Nxd7 Kxd7 44. Rh7+ Kc6 45. Rxh6 a3 46.
Rxg6+ Kb5 47. Rg8 Rb4 48. Ra8 Ra4 49. Rb8+ Kc4 50. Rb1 a2 51. Ra1 Kb3 52. f3 Kb2
53. Re1 a1=Q 54. Rxa1 Kxa1 55. g4 Kb2 56. g5 Kc3 57. Kg3 Kd3 58. h4 Ke3 59. h5
Ra1 60. Kg2 Kf4 0-1

[Event "13th EICC"]
[Site "Plovdiv BUL"]
[Date "2012.03.27"]
[Round "7.32"]
[White "Najer, Evgeniy"]
[Black "Durarbayli, Vasif"]
[Result "1-0"]
[WhiteTitle "GM"]
[BlackTitle "GM"]
[WhiteElo "2640"]
[BlackElo "2543"]
[WhiteFideId "4118987"]
[BlackFideId "13402935"]
[EventDate "2012.03.20"]
[EventType "swiss"]

1. e4 c5 2. Nf3 d6 3. d4 cxd4 4. Nxd4 Nf6 5. Nc3 a6 6. h3 b5 7. g4 Bb7 8. Bg2 e6
9. O-O Nfd7 10. a4 bxa4 11. f4 Nc6 12. f5 e5 13. Nf3 Nb4 14. Be3 Rc8 15. Rxa4 a5
16. Ra1 Nf6 17. Rf2 d5 18. Nxe5 Bd6 19. Nxf7 Kxf7 20. g5 Nxe4 21. Nxe4 dxe4 22.
Rd2 Nd5 23. Rxd5 Bh2+ 24. Kxh2 Qxd5 25. Qh5+ g6 26. Qh6 Qd6+ 27. Kh1 Ba6 28. c3
Qf8 29. Qh4 gxf5 30. Rxa5 Qd6 31. Rxf5+ Kg8 32. Bd4 1-0

[Event "13th EICC"]
[Site "Plovdiv BUL"]
[Date "2012.03.27"]
[Round "7.34"]
[White "Khairullin, Ildar"]
[Black "Pap, Gyula"]
[Result "1-0"]
[WhiteTitle "GM"]
[BlackTitle "GM"]
[WhiteElo "2626"]
[BlackElo "2538"]
[WhiteFideId "4151348"]
[BlackFideId "725323"]
[EventDate "2012.03.20"]
[EventType "swiss"]

1. d4 d6 2. c4 e5 3. Nf3 e4 4. Ng5 f5 5. Nc3 c6 6. Nh3 Be7 7. g3 Nf6 8. Bg2 O-O
9. O-O Kh8 10. d5 Nbd7 11. f3 Ne5 12. b3 Qa5 13. Qd2 cxd5 14. cxd5 Bd7 15. Nxe4
Qxd5 16. Nxf6 Qc5+ 17. Kh1 Bxf6 18. Bb2 Ng6 19. Rac1 Qb5 20. Bxf6 Rxf6 21. f4
Bc6 22. Ng5 Re8 23. Rfe1 h6 24. Nf3 Kh7 25. Nd4 Bxg2+ 26. Kxg2 Qd5+ 27. Kf2 Rfe6
28. Rc7 Re3 29. Qb2 R3e7 30. Rec1 Rxc7 31. Rxc7 Re7 32. Rc1 Nf8 33. Qc3 Nd7 34.
Qc4 Qe4 35. Qd3 Qxd3 36. exd3 Nc5 37. Rc3 g6 38. Nb5 b6 39. b4 Na4 40. Rc7 Rxc7
41. Nxc7 a5 42. a3 Nc3 43. Ke3 g5 44. b5 gxf4+ 45. gxf4 Nb1 46. Kd4 a4 47. Kc4
Nxa3+ 48. Kc3 1-0

[Event "13th EICC"]
[Site "Plovdiv BUL"]
[Date "2012.03.27"]
[Round "7.38"]
[White "Rogozenco, Dorian"]
[Black "Parligras, Mircea-Emilian"]
[Result "1/2-1/2"]
[WhiteTitle "GM"]
[BlackTitle "GM"]
[WhiteElo "2536"]
[BlackElo "2614"]
[WhiteFideId "1210319"]
[BlackFideId "1204297"]
[EventDate "2012.03.20"]
[EventType "swiss"]

1. Nf3 d5 2. d4 Nf6 3. c4 e6 4. Nc3 Bb4 5. Bg5 h6 6. Bxf6 Qxf6 7. e3 O-O 8. Rc1
dxc4 9. Bxc4 c5 10. O-O cxd4 11. exd4 Nc6 12. Ne4 Qf4 13. Qe2 Rd8 14. g3 Qg4 15.
Qe3 Bd7 16. a3 Bf8 17. Ba2 Be8 18. Rcd1 Rac8 19. Nc3 Qh5 20. Rd2 Ne7 21. Ne5 Nc6
22. Nf3 Ne7 23. Ne5 Nc6 24. Nf3 1/2-1/2

[Event "13th EICC"]
[Site "Plovdiv BUL"]
[Date "2012.03.27"]
[Round "7.39"]
[White "Goganov, Aleksey"]
[Black "L'Ami, Erwin"]
[Result "0-1"]
[WhiteTitle "IM"]
[BlackTitle "GM"]
[WhiteElo "2517"]
[BlackElo "2611"]
[WhiteFideId "24109959"]
[BlackFideId "1007998"]
[EventDate "2012.03.20"]
[EventType "swiss"]

1. d4 Nf6 2. c4 g6 3. Nc3 Bg7 4. e4 d6 5. f3 O-O 6. Be3 a6 7. Qd2 Nbd7 8. Nge2
c6 9. a4 a5 10. g4 e5 11. Bg2 exd4 12. Nxd4 Ne5 13. b3 Nfd7 14. O-O Nc5 15. Kh1
Bd7 16. Rab1 Qe7 17. Rg1 Kh8 18. Rbd1 Rae8 19. Bg5 f6 20. Be3 Bc8 21. h3 f5 22.
Bg5 Qf7 23. gxf5 gxf5 24. Nxf5 Bxf5 25. exf5 Qxf5 26. Bh6 Bxh6 27. Qxh6 Re6 28.
Qc1 Ncd3 29. Qc2 Rh6 30. Rgf1 Nf4 31. Qxf5 Rxf5 32. Ne4 Ned3 33. Rd2 d5 34. cxd5
cxd5 35. Nf2 Nc5 36. Ng4 Re6 37. Rb1 h5 38. Nf2 Rg6 39. Bf1 Rg3 40. b4 axb4 41.
Rxb4 Rxf3 42. Kg1 Nfe6 43. Rb6 Rg3+ 44. Kh2 Rgf3 45. Kg1 Re3 46. Nd3 Ne4 47.
Rxe6 Rxf1+ 48. Kh2 Kg7 49. Nc5 Nxd2 50. Rxe3 Rc1 51. Re7+ Kf6 52. Rc7 Kf5 53.
Rf7+ Kg6 54. Rf2 Rxc5 55. Rxd2 Kf5 56. Rb2 Rc7 57. Rb4 Ke5 58. Kg2 Rf7 59. Rh4
Rf5 60. Rb4 Rf7 61. Rh4 d4 62. Rxh5+ Ke4 63. Rh8 d3 64. Kg3 d2 65. Re8+ Kd3 66.
Rd8+ Ke2 67. Re8+ Kd1 68. Rc8 Rf6 0-1

[Event "13th EICC"]
[Site "Plovdiv BUL"]
[Date "2012.03.27"]
[Round "7.41"]
[White "Smeets, Jan"]
[Black "Khmelniker, Ilya"]
[Result "1-0"]
[WhiteTitle "GM"]
[BlackTitle "GM"]
[WhiteElo "2610"]
[BlackElo "2523"]
[WhiteFideId "1007246"]
[BlackFideId "2805340"]
[EventDate "2012.03.20"]
[EventType "swiss"]

1. e4 e5 2. Nf3 Nc6 3. Bb5 Nf6 4. O-O Nxe4 5. d4 Nd6 6. Bxc6 dxc6 7. dxe5 Nf5 8.
Qxd8+ Kxd8 9. Nc3 Bd7 10. Rd1 Kc8 11. Ng5 Be8 12. b3 h6 13. Nge4 b6 14. Bb2 Kb7
15. Rd3 a5 16. a4 Ne7 17. Ne2 Nd5 18. Rd2 Bb4 19. c3 Be7 20. N2g3 Nf4 21. Nf5
Bf8 22. g3 Ne6 23. Kg2 Rd8 24. Rxd8 Nxd8 25. f4 Ne6 26. Kf3 Bd7 27. Rd1 Kc8 28.
g4 h5 29. h3 hxg4+ 30. hxg4 Rh3+ 31. Nfg3 Rh2 32. Bc1 Nc5 33. Nxc5 Bxc5 34. f5
Rf2+ 35. Ke4 Rg2 36. Kf3 Rf2+ 37. Ke4 Rg2 38. Rd3 Bf2 39. Bf4 c5 40. Kf3 Bc6+
41. Ne4 c4 42. bxc4 Bxe4+ 43. Kxe4 Bc5 44. g5 Ra2 45. Be3 Bf8 46. Bd4 Rxa4 47.
Rh3 Kd7 48. Rh8 Be7 49. f6 gxf6 50. gxf6 Ba3 51. Kd3 Bc1 52. Rf8 Ke6 53. Re8+
Kf5 54. e6 fxe6 55. f7 Bh6 56. Rh8 1-0

[Event "13th EICC"]
[Site "Plovdiv BUL"]
[Date "2012.03.27"]
[Round "7.44"]
[White "Ter-Sahakyan, Samvel"]
[Black "Areshchenko, Alexander"]
[Result "0-1"]
[WhiteTitle "GM"]
[BlackTitle "GM"]
[WhiteElo "2578"]
[BlackElo "2688"]
[WhiteFideId "13302531"]
[BlackFideId "14109530"]
[EventDate "2012.03.20"]
[EventType "swiss"]

1. e4 c5 2. Nf3 d6 3. d4 cxd4 4. Nxd4 Nf6 5. Nc3 a6 6. Be3 e5 7. Nb3 Be6 8. Qd2
Nbd7 9. O-O-O Rc8 10. f4 b5 11. f5 Bc4 12. Kb1 h5 13. Bxc4 bxc4 14. Nc1 Qc7 15.
Bg5 Qb7 16. Qe2 Rb8 17. b3 Rc8 18. Bxf6 Nxf6 19. Nd5 Nxd5 20. Rxd5 Be7 21. h4
Rc6 22. Rh3 Qb6 23. Rc3 cxb3 24. Rxb3 Qc7 25. Nd3 a5 26. Rdb5 O-O 27. Rb7 Qd8
28. Qxh5 Rc7 29. Qe2 Bxh4 30. Nb2 Rxb7 31. Rxb7 d5 32. Rb5 dxe4 33. Qxe4 Bf6 34.
Nd3 Qc7 35. Rb7 Qc3 36. Rb3 Qd2 37. a4 Rd8 38. Nb2 Rc8 39. Rb5 Bg5 40. Rb7 Qc1+
41. Ka2 Qxc2 42. Qxe5 Bf6 43. Qd5 Rf8 44. Ka3 Qb1 45. Nd3 Qa1+ 46. Qa2 Qd4 47.
Qb3 Qe4 48. Rb8 Be7+ 49. Ka2 Qxg2+ 50. Nb2 Rxb8 51. Qxb8+ Kh7 52. Kb3 Qd5+ 53.
Kc2 Qxf5+ 54. Nd3 Qe4 55. Qh2+ Bh4 56. Kd2 Qxa4 57. Ke3 f5 0-1

[Event "13th EICC"]
[Site "Plovdiv BUL"]
[Date "2012.03.27"]
[Round "7.45"]
[White "Papin, Vasily"]
[Black "Potkin, Vladimir"]
[Result "1/2-1/2"]
[WhiteTitle "GM"]
[BlackTitle "GM"]
[WhiteElo "2575"]
[BlackElo "2669"]
[WhiteFideId "4143183"]
[BlackFideId "4131061"]
[EventDate "2012.03.20"]
[EventType "swiss"]

1. c4 g6 2. g3 Bg7 3. Bg2 c5 4. Nc3 Nc6 5. Nf3 e5 6. O-O Nge7 7. a3 O-O 8. Rb1
a5 9. Ne1 d6 10. Nc2 Be6 11. Ne3 Qd7 12. Ned5 Rab8 13. Re1 Bh3 14. Nb6 Qe6 15.
Bd5 Qf5 16. Be4 Qh5 17. Bf3 Bg4 18. Nd7 Bxf3 19. exf3 e4 20. f4 Qh3 21. Nxb8
Rxb8 22. Nxe4 d5 23. cxd5 Nxd5 24. d3 Nd4 25. Be3 b6 26. Ng5 Qf5 27. Bxd4 Bxd4
28. Nf3 Bf6 29. Qe2 Rd8 30. Ne5 Kg7 31. Rbd1 Ne7 32. Qe4 Rd4 33. Qxf5 Nxf5 34.
Nc4 b5 35. Ne3 Nd6 36. Nc2 Rd5 37. Ne3 Rd4 38. Ng4 Bd8 39. Ne5 Rd5 40. Kf1 a4
41. Ng4 Rd4 42. Ne3 Bf6 43. Ke2 Nb7 44. h4 Rd7 45. Rb1 Na5 46. g4 Nb3 47. g5 Bd8
48. Rh1 Bc7 49. Ng2 Nd4+ 50. Kf1 Nb3 51. Rd1 Rd4 52. Rh3 Bxf4 53. Nxf4 Rxf4 54.
Re1 h6 55. gxh6+ Kxh6 56. Re5 b4 57. Kg2 Kg7 58. h5 gxh5 59. Rexh5 Rd4 60. Rg3+
Kf8 61. Rf5 Nc1 62. Rxc5 Nxd3 63. Rc8+ Ke7 64. axb4 Nxb2 65. b5 Rb4 66. Rc7+ Ke6
67. Re3+ Kd6 68. Rxf7 Rxb5 69. Rc3 Rb4 70. Rfc7 Kd5 71. Rd7+ Ke5 72. Kg3 Nc4 73.
f4+ Ke4 74. Kg4 Ne3+ 75. Kg3 Nf5+ 76. Kg4 Ne3+ 77. Kg3 Nf5+ 78. Kg4 1/2-1/2

[Event "13th EICC"]
[Site "Plovdiv BUL"]
[Date "2012.03.27"]
[Round "7.46"]
[White "Kryvoruchko, Yuriy"]
[Black "Ernst, Sipke"]
[Result "1-0"]
[WhiteTitle "GM"]
[BlackTitle "GM"]
[WhiteElo "2666"]
[BlackElo "2578"]
[WhiteFideId "14109182"]
[BlackFideId "1004689"]
[EventDate "2012.03.20"]
[EventType "swiss"]

1. c4 f5 2. Nc3 Nf6 3. Nf3 d6 4. g3 g6 5. Bg2 Bg7 6. d3 O-O 7. e4 Nc6 8. O-O e5
9. exf5 Bxf5 10. Ng5 Qd7 11. Be3 Ng4 12. Bc1 Nf6 13. Be3 Ng4 14. Nd5 Nxe3 15.
fxe3 Bh6 16. Ne4 Kg7 17. Qe2 Bxe4 18. Bxe4 Rae8 19. Rxf8 Rxf8 20. Rf1 Rxf1+ 21.
Qxf1 Bg5 22. h4 Bd8 23. Qf3 Nb8 24. h5 Qh3 25. hxg6 hxg6 26. Nc3 c6 27. b4 a6
28. a4 Qh5 29. Qxh5 gxh5 30. Bf5 b5 31. cxb5 cxb5 32. axb5 axb5 33. Nxb5 Nc6 34.
Nxd6 Nxb4 35. Nc4 Nd5 36. Be6 Nb4 37. Bf5 Nd5 38. Kf2 Bc7 39. Be4 Nf6 40. Bf5
Kh6 41. Nd2 Bb6 42. Be6 Ba5 43. Nc4 Bc7 44. Kg2 Kg5 45. Nd2 Bb6 46. Nf3+ Kh6 47.
e4 Bc7 48. Kf2 Nh7 49. Nh4 Bb6+ 50. Ke2 Bc5 51. Bd7 Nf6 52. Bf5 Ng8 53. Nf3 Bd6
54. Kd2 Ne7 55. Bd7 Ng6 56. Be8 Nf8 57. Kc3 Ne6 58. Kc4 Bb8 59. Bd7 Ng5 60. Nh4
Nh7 61. Bf5 Nf6 62. Nf3 Kg7 63. Kb5 Kf7 64. Kb6 Ke7 65. Nd2 Bd6 66. Nc4 Bb4 67.
Nxe5 Be1 68. Ng6+ Kf7 69. e5 Nd5+ 70. Kc5 Ne7 71. Nxe7 Kxe7 72. d4 Bxg3 73. Kc4
h4 74. Kd3 Bf4 75. Ke4 Bc1 76. d5 Ba3 77. Kd3 Bc5 78. Kc4 Ba3 79. Bh3 1-0

[Event "13th EICC"]
[Site "Plovdiv BUL"]
[Date "2012.03.27"]
[Round "7.47"]
[White "Nabaty, Tamir"]
[Black "Bartel, Mateusz"]
[Result "1/2-1/2"]
[WhiteTitle "GM"]
[BlackTitle "GM"]
[WhiteElo "2559"]
[BlackElo "2665"]
[WhiteFideId "2809052"]
[BlackFideId "1112635"]
[EventDate "2012.03.20"]
[EventType "swiss"]

1. e4 c6 2. Nc3 d5 3. Nf3 dxe4 4. Nxe4 Nf6 5. Nxf6+ gxf6 6. g3 Qd5 7. Qe2 Na6 8.
a3 Bf5 9. d3 Nc5 10. Be3 Na4 11. Bg2 Qd7 12. O-O Bh3 13. Bxh3 Qxh3 14. Rfe1 e6
15. d4 Qh5 16. d5 Qxd5 17. Rad1 Qh5 18. Qd3 Nc5 19. Bxc5 Bxc5 20. Qd7+ Kf8 21.
Rd3 Kg7 22. Qxb7 Rab8 23. Qxc6 Rhc8 24. Qa6 Bxf2+ 25. Kxf2 Rxc2+ 26. Re2 Rxe2+
27. Kxe2 Rxb2+ 28. Ke1 Qc5 29. Rd2 Rb3 30. Rd3 Rb2 31. Rd2 Qe3+ 32. Qe2 Rb1+ 33.
Rd1 Rxd1+ 34. Kxd1 Qxa3 35. Nd2 Qa4+ 36. Kc1 a5 37. Nc4 Qb4 38. Qd3 Qc5 39. Kb2
Qf2+ 40. Kb3 Qxh2 41. Nxa5 h5 42. Nc4 h4 43. gxh4 Qxh4 44. Qd7 Qg3+ 45. Kb4 Qb8+
46. Kc5 Qf8+ 47. Nd6 f5 48. Qb7 Kf6 49. Kc6 Qe7 50. Qb2+ Kg6 51. Qg2+ Qg5 52.
Qxg5+ Kxg5 53. Nxf7+ Kf6 54. Nd6 Ke5 55. Nf7+ Kd4 56. Kd6 f4 57. Ne5 Ke4 58.
Kxe6 f3 59. Nxf3 Kxf3 1/2-1/2

[Event "13th EICC"]
[Site "Plovdiv BUL"]
[Date "2012.03.27"]
[Round "7.48"]
[White "Balogh, Csaba"]
[Black "Chatalbashev, Boris"]
[Result "1-0"]
[WhiteTitle "GM"]
[BlackTitle "GM"]
[WhiteElo "2664"]
[BlackElo "2570"]
[WhiteFideId "718939"]
[BlackFideId "2900440"]
[EventDate "2012.03.20"]
[EventType "swiss"]

1. e4 g6 2. d4 Bg7 3. Nc3 c6 4. f4 d5 5. e5 Nh6 6. Nf3 f6 7. h3 Nf5 8. Bd3 Ng3
9. Rg1 Bf5 10. Bxf5 gxf5 11. Nh4 e6 12. Kf2 Ne4+ 13. Nxe4 fxe4 14. Qg4 Qe7 15.
f5 fxe5 16. fxe6 O-O+ 17. Ke2 Na6 18. Bg5 Qb4 19. Bh6 Qe7 20. Raf1 Kh8 21. Nf5
Rxf5 22. Bxg7+ Qxg7 23. Rxf5 exd4 24. Qxg7+ Kxg7 25. Rgf1 Nc5 26. Rg5+ Kh8 27.
e7 Nd7 28. Rf7 1-0

[Event "13th EICC"]
[Site "Plovdiv BUL"]
[Date "2012.03.27"]
[Round "7.49"]
[White "Bosiocic, Marin"]
[Black "Postny, Evgeny"]
[Result "1/2-1/2"]
[WhiteTitle "GM"]
[BlackTitle "GM"]
[WhiteElo "2562"]
[BlackElo "2662"]
[WhiteFideId "14507927"]
[BlackFideId "2804344"]
[EventDate "2012.03.20"]
[EventType "swiss"]

1. d4 Nf6 2. c4 e6 3. Nc3 Bb4 4. a3 Bxc3+ 5. bxc3 d6 6. f3 Nc6 7. e4 e5 8. Bg5
Qe7 9. Ne2 Bd7 10. Ng3 h6 11. Be3 b6 12. Bd3 O-O-O 13. O-O h5 14. Re1 g6 15. Bf2
h4 16. Nf1 Nh5 17. Ne3 Qg5 18. c5 dxc5 19. d5 Na5 20. Ng4 Nf4 21. Be3 Rde8 22.
Ra2 Qe7 23. Bxf4 exf4 24. e5 c4 25. Be4 Qc5+ 26. Kh1 Nb3 27. h3 Qa5 28. d6 c6
29. Qe2 Nc5 30. Nf6 Qxc3 31. Nxd7 Kxd7 32. Rc2 Qxe5 33. Qxc4 Qf6 34. a4 Re6 35.
a5 Rhe8 36. axb6 axb6 37. Qb4 Nxe4 38. fxe4 Qe5 39. Rd1 Qxe4 40. Rc4 c5 41. Qb3
Qc6 42. Rxf4 Rf8 43. Ra4 Rb8 44. Rxh4 Rf8 45. Ra4 Rb8 46. Rf4 1/2-1/2

[Event "13th EICC"]
[Site "Plovdiv BUL"]
[Date "2012.03.27"]
[Round "7.52"]
[White "Szabo, Gergely-Andras-Gyula"]
[Black "Socko, Bartosz"]
[Result "1/2-1/2"]
[WhiteTitle "GM"]
[BlackTitle "GM"]
[WhiteElo "2553"]
[BlackElo "2647"]
[WhiteFideId "1205064"]
[BlackFideId "1107038"]
[EventDate "2012.03.20"]
[EventType "swiss"]

1. e4 e5 2. Nf3 Nc6 3. Bb5 a6 4. Ba4 Nf6 5. O-O Be7 6. Re1 b5 7. Bb3 d6 8. c3
O-O 9. d4 Bg4 10. Be3 exd4 11. cxd4 Na5 12. Bc2 Nc4 13. Bc1 c5 14. b3 Nb6 15.
Bb2 Re8 16. Nbd2 Nfd7 17. a4 bxa4 18. bxa4 cxd4 19. a5 d3 20. Bb3 Nc8 21. Bd5
Rb8 22. Nc4 Nc5 23. Nfe5 Bxd1 24. Nxf7 Qd7 25. Ng5+ Kh8 26. Nf7+ Kg8 27. Ng5+
Kh8 28. Nf7+ Kg8 29. Ng5+ 1/2-1/2